Elements beginning with C - Statistics

General Stats
  • This quiz has been taken 35 times
  • The average score is 8 of 12
Answer Stats
Element % Correct
Carbon
90%
Calcium
81%
Copper
81%
Cobalt
76%
Cadmium
71%
Chromium
71%
Californium
67%
Chlorine
67%
Caesium
62%
Cerium
62%
Curium
57%
Copernicium
48%
No matching quizzes found
Score Distribution
Percent of People with Each Score
Percentile by Number Answered
Your Score History
You have not taken this quiz